[Event "GER-ch U10"]
[Site "Willingen"]
[Date "2024.05.23"]
[Round "8"]
[White "Bergmann, Rafael Antonio"]
[Black "Cremann, Jannis"]
[Result "1/2-1/2"]
[WhiteElo "1775"]
[BlackElo "1629"]
[PlyCount "52"]
[EventDate "2024.05.19"]
[EventType "swiss"]
[EventRounds "11"]
[EventCountry "GER"]
[SourceTitle "CBM 220 Extra"]
[Source "ChessBase"]
[SourceDate "2024.07.31"]
[SourceVersion "1"]
[SourceVersionDate "2024.07.31"]
[SourceQuality "1"]

1. e4 c5 2. Nf3 a6 3. c4 Nc6 4. d4 cxd4 5. Nxd4 e5 6. Nf3 Bc5 7. Bd3 d6 8. h3 Nge7 9. Nc3 f5 10. Nd5 Nxd5 11. cxd5 Ne7 12. Bg5 0-0 13. 0-0 h6 14. Be3 Bxe3 15. fxe3 Qb6 16. Qd2 fxe4 17. Bxe4 Nf5 18. Bxf5 Bxf5 19. Rad1 Rac8 20. Ne1 Be4 21. Rxf8+ Rxf8 22. Nd3 Bxd3 23. Qxd3 Qxb2 24. Rd2 Qa1+ 25. Kh2 Rf1 26. Re2 Qd1 1/2-1/2

[Event "GER-ch U10"]
[Site "Willingen"]
[Date "2023.05.31"]
[Round "7"]
[White "Lange, Fynn Jeremy"]
[Black "Cremann, Jannis"]
[Result "1-0"]
[WhiteElo "1616"]
[BlackElo "1324"]
[PlyCount "81"]
[EventDate "2023.05.27"]
[EventType "swiss"]
[EventRounds "11"]
[EventCountry "GER"]
[SourceTitle "CBM 214 Extra"]
[Source "ChessBase"]
[SourceDate "2023.07.31"]
[SourceVersion "1"]
[SourceVersionDate "2023.07.31"]
[SourceQuality "1"]

1. c4 e5 2. g3 Nc6 3. Bg2 g6 4. Nc3 f5 5. e3 Bg7 6. Nge2 Nge7 7. 0-0 0-0 8. b3 d6 9. Bb2 Be6 10. Nd5 Rc8 11. Nec3 a6 12. Qc2 Qe8 13. Rad1 Nxd5 14. cxd5 Nb4 15. Qb1 Bd7 16. a3 f4 17. axb4 f3 18. Bh1 Bh3 19. Rfe1 Qf7 20. Qd3 Bf5 21. e4 Bg4 22. Rc1 h5 23. Nd1 h4 24. Ne3 Bh3 25. Rc3 hxg3 26. hxg3 Qe7 27. Nf1 Qg5 28. Qe3 Qe7 29. Bxf3 Qd7 30. Bg2 Bxg2 31. Kxg2 Kf7 32. Kf3 Ke7+ 33. Ke2 Qg4+ 34. f3 Qh3 35. Qf2 Rh8 36. Kd1 Qd7 37. Ne3 Qb5 38. Rc4 a5 39. Kc2 Ra8 40. Rxc7+ Kf8 41. f4 1-0

[Event "GER-ch U08"]
[Site "Willingen"]
[Date "2022.06.11"]
[Round "7"]
[White "Besou, Jad"]
[Black "Cremann, Jannis"]
[Result "1-0"]
[WhiteElo "957"]
[BlackElo "1053"]
[PlyCount "73"]
[EventDate "2022.06.07"]
[EventType "swiss"]
[EventRounds "7"]
[EventCountry "GER"]
[SourceTitle "EXT 2023"]
[Source "ChessBase"]
[SourceDate "2022.10.05"]
[SourceVersion "1"]
[SourceVersionDate "2022.10.05"]
[SourceQuality "1"]

1. e4 e5 2. Nf3 Nc6 3. Bb5 Nf6 4. 0-0 Be7 5. d3 0-0 6. h3 d6 7. Nc3 Ne8 8. d4 exd4 9. Nxd4 Nxd4 10. Qxd4 f5 11. Bc4+ Kh8 12. Bb3 a6 13. exf5 b5 14. Qe4 Bxf5 15. Qe2 Bh4 16. Be3 Bg5 17. Bd5 Rc8 18. Qh5 Bxe3 19. fxe3 Qe7 20. Rxf5 Qxe3+ 21. Kh1 Nf6 22. Qf3 Qe7 23. Be4 g6 24. Rxf6 Rxf6 25. Nd5 Rxf3 26. Nxe7 Re8 27. Nxg6+ hxg6 28. Bxf3 Kg7 29. Kh2 g5 30. Bh5 Rh8 31. Bg4 c5 32. Re1 Kf7 33. Re6 Rd8 34. Re3 a5 35. Bh5+ Kg8 36. Re7 b4 37. Ra7 1-0